000 00839cam a22002653a 4500
001 30800
003 PGUSA
005 20140828083651.0
008 091229s2009||||xxu|||||s|||||000 1 eng d
040 _aPGUSA
_beng
042 _adc
050 4 _aPZ
100 1 _aCooke, Flora J.
_q(Flora Juliette),
_d1864-1953
245 1 0 _aNature Myths and Stories for Little Children
_h[electronic resource] /
_cFlora J. Cooke
260 _bProject Gutenberg,
_c2009
506 _aPublic domain in the USA.
516 _aElectronic text
653 _aNature -- Mythology -- Juvenile literature
653 _aChildren's stories
653 _aNatural history -- Juvenile fiction
653 _aMythology, Classical -- Juvenile literature
830 0 _aProject Gutenberg
_v30800
856 4 0 _uhttp://www.gutenberg.org/ebooks/30800
942 _cEB
999 _c260055
_d260055